| 000 | 00445nam a22001817a 4500 | ||
|---|---|---|---|
| 003 | OSt | ||
| 005 | 20150610095343.0 | ||
| 008 | 150610b xxu||||| |||| 00| 0 eng d | ||
| 040 | _aSEKU | ||
| 050 |
_aQD 31.2 _b.K57 |
||
| 100 | _4Kneen W.R | ||
| 245 |
_aChemistry _bFacts,Patterns and Principles |
||
| 260 |
_a London, _bAddison-Wesley, _c1972. |
||
| 300 | _a861p. | ||
| 600 | _aRogers .M.J.W | ||
| 700 | _aSimpson .P | ||
| 942 |
_2lcc _cGEN |
||
| 999 |
_c3936 _d3936 |
||